[Event "Dundee & Angus Major"]
[Site "Dundee"]
[Date "2015.10.10"]
[Round "3"]
[White "Banerjee, Agnijo"]
[Black "Sawaryn, Steve"]
[Result "0-1"]
[WhiteElo "1240"]
[BlackElo "1403"]
[PlyCount "82"]
[EventDate "2015.10.09"]
[EventType "swiss"]
[EventRounds "5"]
[EventCountry "SCO"]
[SourceTitle "EXT 2023"]
[Source "ChessBase"]
[SourceDate "2022.10.05"]
[SourceVersion "1"]
[SourceVersionDate "2022.10.05"]
[SourceQuality "1"]

1. e4 c5 2. Nf3 Nc6 3. d4 cxd4 4. Nxd4 Nf6 5. Nc3 d6 6. Bc4 e5 7. Nf5 Bxf5 8. exf5 Be7 9. 0-0 0-0 10. Be3 a6 11. Nd5 b5 12. Nxf6+ Bxf6 13. Bd5 Rc8 14. c3 Qc7 15. a4 Ne7 16. axb5 axb5 17. Ra7 Qd8 18. Qb3 Nxf5 19. Qxb5 Rb8 20. Qe2 Nxe3 21. fxe3 Qb6 22. Ra2 Qc5 23. Be4 Bg5 24. Rf3 d5 25. Bc2 e4 26. Rg3 Bh6 27. Ra6 g6 28. h4 Bg7 29. Ba4 Qc4 30. Qxc4 dxc4 31. Bc6 Rxb2 32. Bxe4 Rd8 33. Rc6 Rd1+ 34. Kh2 Be5 35. Rxc4 Bxg3+ 36. Kxg3 Rd7 37. Bf3 Rb3 38. h5 Kg7 39. hxg6 hxg6 40. Be2 Rd2 41. Kf3 Rbb2 0-1